000 00460nam a2200193Ia 4500
008 240510s9999 xx 000 0 und d
020 _a0008120317726
041 _aEng
082 _a005.754
082 _bB89
100 _aBUYENS,J
245 0 _aSTEP BY STEP WEB DATABASE DEVELOPMENT : (With CD)
260 _bNew Delhi :Prentice Hall
260 _c2000
300 _a490 p.
650 _aweb database development
942 _2ddc
942 _cRBK
999 _c28485
_d28485
945 _a1
_bMadushi Gamage
_c1
_dMadushi Gamage